| 000 | 01208nam a2200337 c 4500 | ||
|---|---|---|---|
| 999 |
_c63781 _d63781 |
||
| 003 | BLK | ||
| 005 | 20250728112731.0 | ||
| 008 | 180408b bul|||||r ||||||| ||bul|| | ||
| 010 | _aKNG00068040000 | ||
| 020 | _a954-26-0369-Х | ||
| 020 | _a978-954-26-0369-6 | ||
| 040 | _aBLK | ||
| 041 |
_aBUL _cBUL |
||
| 080 |
_aАрабска литература. Подразделя се с помощта на общите определители на място (5/6) _b821.411.21 _x-93-34 _z821.411.21-93-34 |
||
| 139 |
_aХиляда и една нощ _bХ 49 |
||
| 245 | 1 | 0 |
_aХиляда и една нощ _bПриказки на Шехеразада _cпрев. София Яневска. |
| 250 | _a2. изд. | ||
| 257 | _aPRS | ||
| 260 |
_bХермес _c2006 _aПловдив |
||
| 300 |
_a152 с. _c20 см |
||
| 380 | _aDX | ||
| 490 |
_aЗлатно перо : Детско-юношеска класика _9201323 |
||
| 700 | 1 |
_aЯневска, София _eпрев. _9145677 |
|
| 852 | _aЦб 229139 | ||
| 856 | 4 | _qpdf | |
| 856 | 4 | _qpdf | |
| 942 |
_cKNG _n0 _014 _s1 |
||
| 944 |
_aCR _c20.09.2006 _k30564 _lАнна Гръцманова |
||
| 944 |
_aED _c20.09.2006 |
||
| 999 | _d63781 | ||